| 000 | 00489nam a22001932 4500 | ||
|---|---|---|---|
| 001 | 0000002821 | ||
| 005 | 20151217154335.0 | ||
| 008 | 070420s xx 000 0 eng d | ||
| 020 | _a0871401045 : | ||
| 040 |
_aKABU _cKABU |
||
| 050 | 0 |
_aPS3539 _b.O56C36 |
|
| 100 | 1 |
_aToomer, Jean. _@0000152333 |
|
| 245 | 1 | 0 | _aCane. |
| 260 |
_aNew York : _bLiveright, _c1975. |
||
| 300 | _axxv, 116 p. | ||
| 908 | _a070420 | ||
| 950 | _@1 | ||
| 999 |
_c10625 _d10625 |
||